000 00797nam a22002777a 4500
003 OSt
008 260423b |||||||| |||| 00| 0 eng d
020 _a9789366267166
082 _a630.715
_bT65E
245 _aExtension Methodologies and Transfer of Technology in Agriculture /
_cby Amit Tomar...[et al.]
260 _a.- Delhi
_b: IBPSS
_c, 2025
300 _ax,368p.
650 _aTechnology (Applied Sciences)
650 _a Agriculture and Related Technologies
650 _aAgriculture
650 _aExtension
650 _aMethodologies
650 _aTechnology Transfer
650 _aAgricultural Innovations
700 _aTomar, Amit.
700 _aSingh, P. K.
700 _aSingh, Mahak.
700 _aSingh, Bijendra.
700 _aKhari, S. K.
942 _2ddc
_cBK
999 _c50125
_d50125